<?xml version="1.0" encoding="UTF-8"?>
<collection xmlns="http://www.loc.gov/MARC21/slim">
<record>
  <controlfield tag="001">145634</controlfield>
  <controlfield tag="005">20260217205537.0</controlfield>
  <datafield tag="024" ind1="7" ind2=" ">
    <subfield code="2">doi</subfield>
    <subfield code="a">10.3390/inorganics12100271</subfield>
  </datafield>
  <datafield tag="024" ind1="8" ind2=" ">
    <subfield code="2">sideral</subfield>
    <subfield code="a">140555</subfield>
  </datafield>
  <datafield tag="037" ind1=" " ind2=" ">
    <subfield code="a">ART-2024-140555</subfield>
  </datafield>
  <datafield tag="041" ind1=" " ind2=" ">
    <subfield code="a">eng</subfield>
  </datafield>
  <datafield tag="100" ind1=" " ind2=" ">
    <subfield code="a">Martínez, Miguel</subfield>
  </datafield>
  <datafield tag="245" ind1=" " ind2=" ">
    <subfield code="a">Different Patterns of Pd-Promoted C-H Bond Activation in (Z)-4-Hetarylidene-5(4H)-oxazolones and Consequences in Photophysical Properties</subfield>
  </datafield>
  <datafield tag="260" ind1=" " ind2=" ">
    <subfield code="c">2024</subfield>
  </datafield>
  <datafield tag="506" ind1="0" ind2=" ">
    <subfield code="a">Access copy available to the general public</subfield>
    <subfield code="f">Unrestricted</subfield>
  </datafield>
  <datafield tag="520" ind1="3" ind2=" ">
    <subfield code="a">This work aims to amplify the fluorescence of (Z)-4-hetarylidene-5(4H)-oxazolones 1 by suppression of the hula-twist non-radiative deactivation pathway by C^N-orthopalladation of the 4-hetarylidene ring. Different (Z)-4-hetarylidene-2-phenyl-5(4H)-oxazolones, 1a–1c, prepared by the Erlenmeyer–Plöchl method, have been studied. The orthopalladation of (Z)-2-phenyl-4-(5-thiazolylmethylene)-5(4H)-oxazolone (1a) takes place by C-H bond activation of the H4 of the heterocycle and C^N-chelation, giving the dinuclear trifluoroacetate derivative 2a. By further metathesis of bridging ligands in 2a, complexes containing the orthometalated oxazolone and a variety of ligands 3a–5a, were prepared. The study of the photophysical properties of 1a–5a shows that the bonding of the Pd metal to the 4-hetaryliden-5(4H)-oxazolone does not promote, in these cases, an increase in fluorescence. Interestingly, the orthopalladation of (Z)-2-phenyl-4-(4-thiazolylmethylene)-5(4H)-oxazolone (1b) gives orthopalladated 2b, where the incorporation of the Pd to the oxazolone takes place by C-H bond activation of the ortho-H2 of the 2-phenyl group, ring opening of the oxazolone heterocycle and simultaneous N,N-bonding of the N atoms of the thiazole ring and the generated benzamide fragment. This N^N^C-tridentate dianionic bonding mode is obtained for the first time in oxazolones. Despite a similar lock of the hula-twist deactivation, 2b does not show fluorescence.</subfield>
  </datafield>
  <datafield tag="536" ind1=" " ind2=" ">
    <subfield code="9">info:eu-repo/grantAgreement/ES/DGA/E07-23R</subfield>
    <subfield code="9">info:eu-repo/grantAgreement/ES/DGA/E17-23R</subfield>
    <subfield code="9">info:eu-repo/grantAgreement/ES/MICINN AEI/PID2022-136861NB-I00</subfield>
    <subfield code="9">info:eu-repo/grantAgreement/ES/MICINN/PID2019-106394GB-I00</subfield>
    <subfield code="9">info:eu-repo/grantAgreement/ES/MICINN/PID2021-122869NB-I00</subfield>
  </datafield>
  <datafield tag="540" ind1=" " ind2=" ">
    <subfield code="9">info:eu-repo/semantics/openAccess</subfield>
    <subfield code="a">by</subfield>
    <subfield code="u">https://creativecommons.org/licenses/by/4.0/deed.es</subfield>
  </datafield>
  <datafield tag="590" ind1=" " ind2=" ">
    <subfield code="a">3.0</subfield>
    <subfield code="b">2024</subfield>
  </datafield>
  <datafield tag="591" ind1=" " ind2=" ">
    <subfield code="a">CHEMISTRY, INORGANIC &amp; NUCLEAR</subfield>
    <subfield code="b">16 / 43 = 0.372</subfield>
    <subfield code="c">2024</subfield>
    <subfield code="d">Q2</subfield>
    <subfield code="e">T2</subfield>
  </datafield>
  <datafield tag="592" ind1=" " ind2=" ">
    <subfield code="a">0.509</subfield>
    <subfield code="b">2024</subfield>
  </datafield>
  <datafield tag="593" ind1=" " ind2=" ">
    <subfield code="a">Inorganic Chemistry</subfield>
    <subfield code="c">2024</subfield>
    <subfield code="d">Q2</subfield>
  </datafield>
  <datafield tag="594" ind1=" " ind2=" ">
    <subfield code="a">4.1</subfield>
    <subfield code="b">2024</subfield>
  </datafield>
  <datafield tag="655" ind1=" " ind2="4">
    <subfield code="a">info:eu-repo/semantics/article</subfield>
    <subfield code="v">info:eu-repo/semantics/publishedVersion</subfield>
  </datafield>
  <datafield tag="700" ind1=" " ind2=" ">
    <subfield code="a">Dalmau, David</subfield>
  </datafield>
  <datafield tag="700" ind1=" " ind2=" ">
    <subfield code="a">Crespo, Olga</subfield>
    <subfield code="u">Universidad de Zaragoza</subfield>
    <subfield code="0">(orcid)0000-0001-9522-5840</subfield>
  </datafield>
  <datafield tag="700" ind1=" " ind2=" ">
    <subfield code="a">García-Orduña, Pilar</subfield>
    <subfield code="0">(orcid)0000-0002-7063-1292</subfield>
  </datafield>
  <datafield tag="700" ind1=" " ind2=" ">
    <subfield code="a">Lahoz, Fernando</subfield>
    <subfield code="0">(orcid)0000-0001-8054-2237</subfield>
  </datafield>
  <datafield tag="700" ind1=" " ind2=" ">
    <subfield code="a">Martín, Antonio</subfield>
    <subfield code="0">(orcid)0000-0002-4808-574X</subfield>
  </datafield>
  <datafield tag="700" ind1=" " ind2=" ">
    <subfield code="a">Urriolabeitia, Esteban P.</subfield>
    <subfield code="0">(orcid)0000-0001-9779-5820</subfield>
  </datafield>
  <datafield tag="710" ind1="2" ind2=" ">
    <subfield code="1">2010</subfield>
    <subfield code="2">760</subfield>
    <subfield code="a">Universidad de Zaragoza</subfield>
    <subfield code="b">Dpto. Química Inorgánica</subfield>
    <subfield code="c">Área Química Inorgánica</subfield>
  </datafield>
  <datafield tag="773" ind1=" " ind2=" ">
    <subfield code="g">12, 10 (2024), 271 [16 pp.]</subfield>
    <subfield code="t">Inorganics</subfield>
    <subfield code="x">2304-6740</subfield>
  </datafield>
  <datafield tag="856" ind1="4" ind2=" ">
    <subfield code="s">2252442</subfield>
    <subfield code="u">http://zaguan.unizar.es/record/145634/files/texto_completo.pdf</subfield>
    <subfield code="y">Versión publicada</subfield>
  </datafield>
  <datafield tag="856" ind1="4" ind2=" ">
    <subfield code="s">2737805</subfield>
    <subfield code="u">http://zaguan.unizar.es/record/145634/files/texto_completo.jpg?subformat=icon</subfield>
    <subfield code="x">icon</subfield>
    <subfield code="y">Versión publicada</subfield>
  </datafield>
  <datafield tag="909" ind1="C" ind2="O">
    <subfield code="o">oai:zaguan.unizar.es:145634</subfield>
    <subfield code="p">articulos</subfield>
    <subfield code="p">driver</subfield>
  </datafield>
  <datafield tag="951" ind1=" " ind2=" ">
    <subfield code="a">2026-02-17-20:34:52</subfield>
  </datafield>
  <datafield tag="980" ind1=" " ind2=" ">
    <subfield code="a">ARTICLE</subfield>
  </datafield>
</record>
</collection>